LIBRARY & INFORMATION CENTRE, KCAET, TAVANUR

ONLINE PUBLIC ACCESS CATALOGUE (OPAC)

Changes in Nutritional components of stored seeds due to fungal associations / (Record no. 1383)

MARC details
000 -LEADER
fixed length control field 00573cam a2200205ua 4500
041 ## - LANGUAGE CODE
Language code of text/sound track or separate title eng
082 ## - DEWEY DECIMAL CLASSIFICATION NUMBER
Classification number 631.521
Item number BIL/CH
100 ## - MAIN ENTRY--AUTHOR NAME
Personal name Bilgrami, K.S .
245 ## - TITLE STATEMENT
Title Changes in Nutritional components of stored seeds due to fungal associations /
250 ## - EDITION STATEMENT
Edition statement 1 /
260 ## - PUBLICATION, DISTRIBUTION, ETC. (IMPRINT)
Place of publication New delhi :
Name of publisher Today and Tomorrow`s printers & publishers ,
Year of publication 1979.
300 ## - PHYSICAL DESCRIPTION
Number of Pages 82 ; .
700 1# - ADDED ENTRY--PERSONAL NAME
Personal name Prasad, T .
700 1# - ADDED ENTRY--PERSONAL NAME
Personal name Sinha, R.K .
942 ## - ADDED ENTRY ELEMENTS (KOHA)
Koha item type Books
Holdings
Withdrawn status Lost status Damaged status Home library Current library Date acquired Full call number Accession Number Koha item type
      KAUAET KAUAET 07/04/2012 631.521 14472 Books
free website counter